| 000 -LEADER |
| fixed length control field |
00578nam a2200193Ka 4500 |
| 020 ## - INTERNATIONAL STANDARD BOOK NUMBER |
| ISBN |
0078602432 |
| 040 ## - CATALOGING SOURCE |
| Transcribing agency |
UUW |
| 082 ## - DEWEY DECIMAL CLASSIFICATION NUMBER |
| Classification number |
OFF GLE 2004 C112 Or. |
| 100 1# - MAIN ENTRY--AUTHOR NAME |
| Personal name |
Johnson, Jack E |
| 245 10 - TITLE STATEMENT |
| Title |
Glencoe keyboarding with computer applications : |
| Remainder of title |
lessons 1-150 / |
| 246 30 - VARYING FORM OF TITLE |
| Title proper/short title |
Keyboarding with computer applications |
| 260 ## - PUBLICATION, DISTRIBUTION, ETC. (IMPRINT) |
| Place of publication |
New York, N.Y. : |
| Name of publisher |
Glencoe/McGraw-Hill, |
| Year of publication |
c2004 |
| 300 ## - PHYSICAL DESCRIPTION |
| Number of Pages |
1 v. (various pagings) : |
| Other physical details |
col. ill. ; |
| Dimensions |
26 cm |
| 650 #0 - SUBJECT ADDED ENTRY--TOPICAL TERM |
| Topical Term |
Keyboarding |
| 650 #0 - SUBJECT ADDED ENTRY--TOPICAL TERM |
| Topical Term |
Word processing |
| 650 #0 - SUBJECT ADDED ENTRY--TOPICAL TERM |
| Topical Term |
Typewriting |
| 710 2# - ADDED ENTRY--CORPORATE NAME |
| Corporate name or jurisdiction name as entry element |
Glencoe/McGraw-Hill |
| 942 ## - ADDED ENTRY ELEMENTS (KOHA) |
| Koha item type |
ADB |
| 952 ## - LOCATION AND ITEM INFORMATION (KOHA) |
| Withdrawn status [LOCAL, KOHA] |
0 |
| 952 ## - LOCATION AND ITEM INFORMATION (KOHA) |
| Withdrawn status [LOCAL, KOHA] |
0 |